| 000 | 00537nam a2200193Ia 4500 | ||
|---|---|---|---|
| 003 | IN-BaIIA | ||
| 005 | 20250702110902.0 | ||
| 008 | 211028s9999 xx 000 0 eng d | ||
| 040 | _cIIA Library | ||
| 080 |
_a528.73(73) _bHAY |
||
| 100 |
_aHayford, John Fillmore _9149 |
||
| 245 | 0 |
_aU. S. hypsometry 1903-1907 _cJohn Fillmore Hayford and L. Pike |
|
| 260 |
_aDehradon _bGovernment Printing Office _c1909 |
||
| 300 | _a280p. | ||
| 650 |
_aHypsometry _9150 |
||
| 650 |
_aUnited States _9151 |
||
| 700 |
_aPike, L. _9152 |
||
| 942 |
_cBK _2ddc |
||
| 999 |
_c94 _d94 |
||